书目信息 |
| 题名: |
室内细部设计资料集(1)
|
|
| 作者: | 陈顺安 主编 | |
| 分册: | ||
| 出版信息: | 北京 中国建筑工业出版社 2000.10 |
|
| 页数: | 916页 | |
| 开本: | 19cm | |
| 丛书名: | ||
| 单 册: | ||
| 中图分类: | TU22-64 | |
| 科图分类: | ||
| 主题词: | 建筑构造--结构设计 | |
| 电子资源: | ||
| ISBN: | 7-112-04286-0 | |
| 000 | 00590nam0 2200193 45 | |
| 001 | 0260943899 | |
| 005 | 2002041616554389 | |
| 010 | @a7-112-04286-0@b精装@dRMB 73.00 | |
| 100 | @a20020416d2000 km y0chiy0120 ea | |
| 101 | 0 | @achi |
| 102 | @aCN@b110000 | |
| 200 | 1 | @a室内细部设计资料集(1)@Ashi nei xi bu she ji zi liao ji(1)@f陈顺安主编@Fchen shun an zhu bian |
| 210 | @a北京@c中国建筑工业出版社@d2000.10 | |
| 215 | @a916页@d19cm | |
| 606 | 0 | @a建筑构造@x结构设计 |
| 690 | @aTU22-64@v3 | |
| 701 | 0 | @a陈顺安@Achen shun an@4主编 |
| 801 | 0 | @aCN@bPFT@c20020416 |
| 905 | @a10447@dTU22-64@eC560:1 | |
| 室内细部设计资料集(1)/陈顺安主编.-北京:中国建筑工业出版社,2000.10 |
| 916页;19cm |
| ISBN 7-112-04286-0(精装):RMB 73.00 |
| ● |
| 相关链接 |
|
|
|
正题名:室内细部设计资料集(1)
索取号:TU22-64/C560:1
 
预约/预借
| 序号 | 登录号 | 条形码 | 馆藏地/架位号 | 状态 | 备注 |
| 1 | 355853 | 203558532 | 建筑库101/101建筑库 47排1列5层/ [索取号:TU22-64/C560:1] | 在馆 | |
| 2 | 355854 | 203558541 | 建筑库101/101建筑库 47排1列5层/ [索取号:TU22-64/C560:1] | 在馆 |